Jours de la semaine en anglais - Statistiques

Statistiques générales
  • Ce quiz a été pris 351 fois
  • Le résultat moyen est 7 sur 7
Statistiques - réponses
français anglais % Correct
Lundi Monday
100%
Vendredi Friday
97%
Samedi Saturday
96%
Dimanche Sunday
94%
Mardi Tuesday
94%
Jeudi Thursday
93%
Mercredi Wednesday
92%
Aucun quiz correspondant
Distribution des résultats
% des personnes avec chaque résultat
Percentile par nombre de réponses
Votre historique - résultats
Vous n’avez pas pris ce quiz